[Event "81759 VI. Rakosmente Open"]
[Site "Budapest, Hungary"]
[Date "2013.06.16"]
[Round "5.8"]
[White "Mitlasovszki, Imre"]
[Black "Karacsonyi, Gellert"]
[Result "1-0"]
[WhiteElo "2044"]
[BlackElo "1687"]
[PlyCount "43"]
[EventDate "2013.??.??"]

1. e4 e6 2. d4 d5 3. e5 c5 4. c3 Nc6 5. Nf3 Bd7 6. Bd3 Qb6 7. O-O Rc8 8. dxc5
Bxc5 9. Qe2 Qc7 10. Bf4 Nge7 11. Rd1 h6 12. h4 Qb6 13. b4 Bxb4 14. cxb4 Nxb4
15. Na3 Rc3 16. Nb5 Bxb5 17. Bxb5+ Nec6 18. a3 Rc2 19. Qf1 Na6 20. Rab1 Qc5 21.
Nd4 g5 22. Be3 1-0

[Event "81759 VI. Rakosmente Open"]
[Site "Budapest, Hungary"]
[Date "2013.06.16"]
[Round "5.9"]
[White "Szurkos, Andras"]
[Black "Safar, Istvan"]
[Result "0-1"]
[WhiteElo "1816"]
[BlackElo "1694"]
[PlyCount "124"]
[EventDate "2013.??.??"]

1. e4 c5 2. Nf3 Nc6 3. Nc3 g6 4. b3 Bg7 5. Bb2 Nf6 6. d4 cxd4 7. Nxd4 Nxd4 8.
Qxd4 O-O 9. Be2 d6 10. O-O Be6 11. Qd3 a6 12. Nd5 Nxd5 13. exd5 Bf5 14. Qe3
Bxb2 15. Rae1 Bg7 16. g4 Bd7 17. f4 Re8 18. f5 Qa5 19. fxg6 hxg6 20. Qf3 Rf8
21. Bd3 e6 22. c4 Qc3 23. h4 exd5 24. Re7 Qd4+ 25. Kg2 Bxg4 26. Qxd5 Qxd5+ 27.
cxd5 b5 28. Kg3 Bh5 29. Be2 Be5+ 30. Kf2 Bxe2 31. Kxe2 Rae8 32. Rxe8 Rxe8 33.
Kf3 Rc8 34. h5 gxh5 35. Rg1+ Kh7 36. Rg2 Kh6 37. Ke4 Rc3 38. Kf5 Rf3+ 39. Ke4
Rf4+ 40. Ke3 h4 41. Rc2 h3 42. Rh2 Re4+ 43. Kxe4 Bxh2 44. Kf3 Be5 45. a4 bxa4
46. bxa4 a5 47. Kf2 h2 48. Kg2 Kh5 49. Kh1 Kg4 50. Kg2 Kf5 51. Kh1 Ke4 52. Kg2
Kxd5 53. Kh1 Kc4 54. Kg2 d5 55. Kh1 d4 56. Kg2 d3 57. Kh1 d2 58. Kg2 d1=Q 59.
Kf2 Bd4+ 60. Kg3 Qh5 61. Kf4 Be5+ 62. Ke3 Qg5+ 0-1

[Event "81759 VI. Rakosmente Open"]
[Site "Budapest, Hungary"]
[Date "2013.06.16"]
[Round "5.10"]
[White "Pirityi, Andras"]
[Black "Novak, Levente Peter"]
[Result "1-0"]
[WhiteElo "1754"]
[BlackElo "1417"]
[PlyCount "63"]
[EventDate "2013.??.??"]

1. e4 c5 2. Nc3 e6 3. g3 d5 4. exd5 exd5 5. Qe2+ Be7 6. Bg2 Nf6 7. Nf3 Nc6 8.
O-O Bg4 9. h3 Nd4 10. Qd1 Nxf3+ 11. Bxf3 Bxh3 12. Re1 O-O 13. d3 Re8 14. Bg5 d4
15. Bxf6 Bxf6 16. Ne4 Qb6 17. b3 Re7 18. a4 a5 19. Qd2 g6 20. g4 Rae8 21. Rad1
Qe6 22. Qf4 Be5 23. Qg5 Qc8 24. Qh4 Bxg4 25. Bxg4 f5 26. Bh3 Qc7 27. f4 Bg7 28.
Ng5 Rxe1+ 29. Rxe1 Rxe1+ 30. Qxe1 Qxf4 31. Qe8+ Bf8 32. Qf7+ 1-0

[Event "81759 VI. Rakosmente Open"]
[Site "Budapest, Hungary"]
[Date "2013.06.16"]
[Round "5.11"]
[White "Bege, Vencel"]
[Black "Xiao Hu, Chen"]
[Result "1-0"]
[WhiteElo "1743"]
[BlackElo "1397"]
[PlyCount "27"]
[EventDate "2013.??.??"]

1. d4 d5 2. Nf3 Nf6 3. Bf4 Bg4 4. Nbd2 Nbd7 5. e3 Ne4 6. Be2 Ndf6 7. Ne5 Bxe2
8. Qxe2 e6 9. Qb5+ c6 10. Qxb7 Qb6 11. Qxa8+ Ke7 12. Nxc6+ Kd7 13. Nxa7 Nxd2
14. Qc8+ 1-0

[Event "81759 VI. Rakosmente Open"]
[Site "Budapest, Hungary"]
[Date "2013.06.16"]
[Round "5.12"]
[White "Szurovszky, Elek"]
[Black "Kaloczi, Kristof"]
[Result "1/2-1/2"]
[WhiteElo "2118"]
[BlackElo "1586"]
[PlyCount "135"]
[EventDate "2013.??.??"]

1. e4 c5 2. Nf3 e6 3. d4 cxd4 4. Nxd4 a6 5. c4 Qc7 6. Be3 Nf6 7. f3 Be7 8. Be2
d6 9. Nc3 Nbd7 10. Rc1 b6 11. O-O Bb7 12. Kh1 Rc8 13. b3 Qb8 14. Bd3 Nc5 15.
Bb1 O-O 16. Qe1 Rfd8 17. Bf2 Kf8 18. Bg3 Nh5 19. Nde2 Nxg3+ 20. Qxg3 d5 21.
Qxb8 Rxb8 22. cxd5 exd5 23. exd5 Bxd5 24. Nxd5 Rxd5 25. Nc3 Rd2 26. b4 Nd3 27.
Ne4 Nxc1 28. Nxd2 Bxb4 29. Nc4 Ne2 30. Ne5 Rc8 31. Bd3 Nc3 32. Bxa6 Rc7 33. Nd3
Bc5 34. Bc4 Be7 35. Bb3 Bf6 36. Nb4 Be7 37. Nd3 Bf6 38. f4 Rd7 39. Ne5 Bxe5 40.
fxe5 Ra7 41. e6 f6 42. Rc1 Rc7 43. g3 Nb5 44. Rd1 Ke7 45. g4 Nc3 46. Re1 Nb5
47. g5 f5 48. h4 Nd4 49. Re5 Nxb3 50. axb3 Rc5 51. Re1 Rc6 52. Ra1 Rxe6 53.
Ra7+ Kf8 54. Rb7 Re4 55. Rb8+ Kf7 56. Rb7+ Kg6 57. h5+ Kxg5 58. Rxg7+ Kh6 59.
Rf7 Rb4 60. Rxf5 Rxb3 61. Kg2 b5 62. Kh2 b4 63. Rb5 Rb2+ 64. Kh3 b3 65. Kg3 Rb1
66. Kh2 b2 67. Kg2 Rc1 68. Rxb2 1/2-1/2

[Event "81759 VI. Rakosmente Open"]
[Site "Budapest, Hungary"]
[Date "2013.06.16"]
[Round "5.13"]
[White "Csermely, Zoltan"]
[Black "Matuska, Miklos"]
[Result "0-1"]
[WhiteElo "1662"]
[BlackElo "2104"]
[PlyCount "54"]
[EventDate "2013.??.??"]

1. e4 c5 2. b4 cxb4 3. a3 e6 4. axb4 Bxb4 5. Bb2 Nf6 6. e5 Nd5 7. Qg4 Bf8 8.
Bc4 f5 9. exf6 Nxf6 10. Qg5 d5 11. Bb3 Nc6 12. Nf3 Qe7 13. O-O h6 14. Qe3 Bd7
15. Re1 Kf7 16. Ra4 Qc5 17. d4 Qd6 18. Ne5+ Ke8 19. Ba3 Qc7 20. Nxd7 Qxd7 21.
Qxe6+ Qxe6 22. Rxe6+ Kf7 23. Re3 b5 24. Ra6 Nxd4 25. Bxf8 Rhxf8 26. Ba2 Nxc2
27. Rf3 Nb4 0-1

[Event "81759 VI. Rakosmente Open"]
[Site "Budapest, Hungary"]
[Date "2013.06.16"]
[Round "5.14"]
[White "Czumbel, Peter"]
[Black "Czimer, Jozsef"]
[Result "1/2-1/2"]
[WhiteElo "1573"]
[BlackElo "1669"]
[PlyCount "43"]
[EventDate "2013.??.??"]

1. Nf3 d5 2. e3 Nf6 3. c4 e6 4. Nc3 c6 5. b3 Bd6 6. Bb2 Nbd7 7. d4 O-O 8. Be2
Re8 9. O-O Ne4 10. Qc2 f5 11. Nxe4 fxe4 12. Nd2 Qg5 13. f4 exf3 14. Rxf3 Nf6
15. e4 Bf4 16. e5 Ng4 17. Nf1 Be3+ 18. Kh1 Nf2+ 19. Kg1 Ng4+ 20. Kh1 Bd7 21.
Rg3 Nf2+ 22. Kg1 1/2-1/2

[Event "81759 VI. Rakosmente Open"]
[Site "Budapest, Hungary"]
[Date "2013.06.16"]
[Round "5.16"]
[White "Forgacs, Andras"]
[Black "Toth, Viktor"]
[Result "1-0"]
[WhiteElo "1489"]
[BlackElo "1402"]
[PlyCount "117"]
[EventDate "2013.??.??"]

1. d4 d5 2. c4 dxc4 3. e4 Nc6 4. Nf3 Bg4 5. Bxc4 Bxf3 6. Qxf3 Qxd4 7. Qxf7+ Kd7
8. Qf5+ Ke8 9. Be6 Nh6 10. Bxh6 gxh6 11. Qh5+ Kd8 12. Qd5+ Qxd5 13. Bxd5 Nd4
14. Kd2 c6 15. Be6 Nxe6 16. Rd1 Kc7 17. Ke3 Bg7 18. Nc3 Rad8 19. Re1 Rd7 20.
Rac1 Rhd8 21. Rc2 Rd3+ 22. Ke2 Nf4+ 23. Kf1 Rd2 24. Nd5+ Nxd5 25. Rxd2 Ne3+ 26.
Ke2 Rxd2+ 27. Kxd2 Nc4+ 28. Kc2 Nxb2 29. Re3 Nc4 30. Rg3 Bf6 31. f4 e5 32. fxe5
Bxe5 33. Rh3 Bf4 34. Rf3 Bg5 35. Rf7+ Kb6 36. Rxh7 Ne3+ 37. Kd3 Nxg2 38. e5
Nf4+ 39. Ke4 a5 40. h4 Ne6 41. Rh8 Bxh4 42. Rxh6 Nc5+ 43. Kf5 Be1 44. e6 Nxe6
45. Rxe6 Bc3 46. Ke4 Kb5 47. Kd3 Bb4 48. Kc2 Kc5 49. Kb3 b5 50. Re2 Kd4 51. a3
Bd6 52. Rd2+ Kc5 53. a4 b4 54. Rg2 Be5 55. Rg8 Kd5 56. Ra8 Bc7 57. Ra7 Bb6 58.
Rb7 Kc5 59. Rd7 1-0

[Event "81759 VI. Rakosmente Open"]
[Site "Budapest, Hungary"]
[Date "2013.06.16"]
[Round "5.21"]
[White "Bangha, Otto Peter"]
[Black "Toth, Nikoletta"]
[Result "1-0"]
[WhiteElo "1274"]
[BlackElo "1126"]
[PlyCount "77"]
[EventDate "2013.??.??"]

1. e4 e5 2. Nf3 Nc6 3. Bc4 Bc5 4. Nc3 Nf6 5. O-O O-O 6. d3 Re8 7. Bg5 d6 8. Nd5
Bg4 9. h3 Bxf3 10. Qxf3 Nd4 11. Qd1 Ne6 12. Nxf6+ gxf6 13. Bh6 Ng5 14. h4 Ne6
15. Qg4+ Kh8 16. Bxe6 Rg8 17. Qf5 fxe6 18. Qxe6 Rg6 19. Bd2 Qf8 20. Qf5 Qg8 21.
g3 c6 22. h5 Rg5 23. Bxg5 fxg5 24. Qf6+ Qg7 25. Qxg7+ Kxg7 26. Kg2 Kh6 27. Rh1
g4 28. f4 gxf3+ 29. Kxf3 Rf8+ 30. Kg2 Rf2+ 31. Kh3 Kxh5 32. Raf1 Rxc2 33. Rf5+
Kg6 34. Kg4 Rxb2 35. Rhh5 Be3 36. Kf3 Bf2 37. Rhg5+ Kh6 38. Kg4 Be3 39. Rf6#
1-0

[Event "81759 VI. Rakosmente Open"]
[Site "Budapest, Hungary"]
[Date "2013.06.16"]
[Round "6.1"]
[White "Suranyi, Pal"]
[Black "Markos, Adam"]
[Result "0-1"]
[WhiteElo "2115"]
[BlackElo "2073"]
[PlyCount "84"]
[EventDate "2013.??.??"]

1. d4 d5 2. c4 c6 3. Nc3 Nf6 4. Nf3 a6 5. e3 b5 6. cxd5 cxd5 7. h3 Bf5 8. Nh4
Bd7 9. Bd3 Nc6 10. O-O g5 11. Nf3 g4 12. Ne5 gxh3 13. Nxd5 Nxd5 14. Nxf7 Kxf7
15. Qh5+ Kg8 16. Qxd5+ e6 17. Qh5 h2+ 18. Kh1 Qf6 19. f4 Nb4 20. Be4 Bc6 21.
Bxc6 Nxc6 22. f5 Ra7 23. e4 e5 24. dxe5 Nxe5 25. Bg5 Qf7 26. Qh4 h6 27. Bf6 Bg7
28. Bxg7 Qxg7 29. f6 Qg5 30. Qh3 Ng4 31. Qb3+ Kh7 32. f7 Rf8 33. Qe6 Re7 34.
Qd6 Rfxf7 35. Rf5 Rxf5 36. exf5 Qh4 37. g3 Nf2+ 38. Kg2 h1=Q+ 39. Rxh1 Qxh1+
40. Kxf2 Qe1+ 41. Kg2 Re2+ 42. Kh3 Qh1+ 0-1

[Event "81759 VI. Rakosmente Open"]
[Site "Budapest, Hungary"]
[Date "2013.06.16"]
[Round "6.2"]
[White "Yip, Michael"]
[Black "Terbe, Zsuzsanna"]
[Result "1-0"]
[WhiteElo "2007"]
[BlackElo "1866"]
[PlyCount "49"]
[EventDate "2013.??.??"]

1. Nf3 d5 2. d4 Nf6 3. c4 c6 4. e3 g6 5. Nc3 Bg7 6. h3 O-O 7. Bd3 dxc4 8. Bxc4
c5 9. d5 Nbd7 10. e4 b5 11. Bd3 a6 12. O-O Bb7 13. Re1 Re8 14. Bg5 Qc7 15. Rc1
Nb6 16. b3 Nfd7 17. Bb1 Rad8 18. Bxe7 Rxe7 19. d6 Qc6 20. dxe7 Re8 21. Nd5 Nxd5
22. exd5 Qxd5 23. Qxd5 Bxd5 24. Rcd1 Be6 25. Rxe6 1-0

[Event "81759 VI. Rakosmente Open"]
[Site "Budapest, Hungary"]
[Date "2013.06.16"]
[Round "6.3"]
[White "Sulcz, Istvan"]
[Black "Bege, Levente"]
[Result "1-0"]
[WhiteElo "1903"]
[BlackElo "1815"]
[PlyCount "61"]
[EventDate "2013.??.??"]

1. d4 d5 2. c4 c6 3. Nf3 Nf6 4. Nc3 e6 5. Bg5 Nbd7 6. e3 Be7 7. Rc1 h6 8. Bh4
O-O 9. Bd3 dxc4 10. Bxc4 b5 11. Bd3 Bb7 12. O-O a6 13. Qe2 c5 14. Rfd1 c4 15.
Bb1 Re8 16. e4 Qb6 17. Qe3 Bf8 18. e5 Nd5 19. Qe4 g6 20. Qg4 Kg7 21. Ne4 Be7
22. Bxe7 Nxe7 23. Nd6 Rf8 24. Nh4 g5 25. f4 f5 26. exf6+ Nxf6 27. Qxe6 Qc6 28.
Qxe7+ Kg8 29. Qe6+ Kg7 30. Ndf5+ Kh8 31. Ng6+ 1-0

[Event "81759 VI. Rakosmente Open"]
[Site "Budapest, Hungary"]
[Date "2013.06.16"]
[Round "6.4"]
[White "Kokeny, Norbert Adrian"]
[Black "Terbe, Julianna"]
[Result "1/2-1/2"]
[WhiteElo "1782"]
[BlackElo "1928"]
[PlyCount "57"]
[EventDate "2013.??.??"]

1. e4 c5 2. d3 Nc6 3. Nf3 g6 4. g3 Bg7 5. Bg2 d6 6. O-O e5 7. Nbd2 Nge7 8. c3
O-O 9. a3 a5 10. Nc4 a4 11. Bg5 h6 12. Bxe7 Nxe7 13. d4 Be6 14. Ne3 cxd4 15.
cxd4 Bb3 16. Qd2 Qb6 17. dxe5 dxe5 18. Ng4 Kh7 19. Ngxe5 Rfd8 20. Qe2 Qe6 21.
Nd3 Bc4 22. Rfd1 Bxd3 23. Rxd3 Rxd3 24. Qxd3 Bxb2 25. Rb1 Qf6 26. e5 Bxe5 27.
Rxb7 Rc8 28. Nxe5 Qxe5 29. Qe3 1/2-1/2

[Event "81759 VI. Rakosmente Open"]
[Site "Budapest, Hungary"]
[Date "2013.06.16"]
[Round "6.5"]
[White "Abraham, Lajos"]
[Black "Mitlasovszki, Imre"]
[Result "1-0"]
[WhiteElo "1828"]
[BlackElo "2044"]
[PlyCount "49"]
[EventDate "2013.??.??"]

1. e4 e5 2. Nf3 Nf6 3. Nc3 Nc6 4. Bb5 Nd4 5. d3 Bb4 6. Ba4 O-O 7. a3 Ba5 8.
Nxe5 d5 9. O-O c6 10. exd5 Nxd5 11. Nxd5 Qxd5 12. Bf4 Re8 13. c3 b5 14. cxd4
bxa4 15. Qxa4 Bb7 16. Rac1 c5 17. Nf3 cxd4 18. Qxd4 Qb3 19. Qc4 Bd5 20. Qxb3
Bxb3 21. Bc7 Bxc7 22. Rxc7 Re2 23. Nd4 Rxb2 24. Rb7 a5 25. Rxb3 1-0

[Event "81759 VI. Rakosmente Open"]
[Site "Budapest, Hungary"]
[Date "2013.06.16"]
[Round "6.6"]
[White "Mihok, Laszlo"]
[Black "Szoukup, Istvan"]
[Result "1-0"]
[WhiteElo "2109"]
[BlackElo "1722"]
[PlyCount "71"]
[EventDate "2013.??.??"]

1. d4 Nf6 2. Bg5 e6 3. e4 h6 4. Bxf6 Qxf6 5. c3 g6 6. Bd3 Bg7 7. Ne2 O-O 8. O-O
d6 9. f4 Nd7 10. e5 Qe7 11. Nd2 b6 12. Be4 Rb8 13. b4 Bb7 14. Qa4 Bxe4 15. Nxe4
a5 16. bxa5 Ra8 17. a6 Ra7 18. Qb3 Rxa6 19. exd6 cxd6 20. a4 Rfa8 21. N2g3 Ra5
22. Ra2 R8a6 23. Nd2 d5 24. Nf3 Qe8 25. Rfa1 Qa8 26. Ne5 Nxe5 27. fxe5 b5 28.
Rf1 Qa7 29. Raf2 bxa4 30. Qa2 a3 31. h4 Rb5 32. h5 g5 33. Kh2 Rab6 34. Rxf7 Qa8
35. Qc2 Rb7 36. Qg6 1-0

[Event "81759 VI. Rakosmente Open"]
[Site "Budapest, Hungary"]
[Date "2013.06.16"]
[Round "6.7"]
[White "Safar, Istvan"]
[Black "Pirityi, Andras"]
[Result "1-0"]
[WhiteElo "1694"]
[BlackElo "1754"]
[PlyCount "103"]
[EventDate "2013.??.??"]

1. e4 g6 2. c3 Bg7 3. d4 d6 4. g3 Nf6 5. Bg2 O-O 6. Bg5 Nbd7 7. Nd2 h6 8. Be3
e5 9. d5 Nb6 10. Bxb6 axb6 11. Ne2 Ne8 12. O-O f5 13. f3 f4 14. g4 g5 15. a3
Nf6 16. h3 h5 17. Nc1 c6 18. c4 b5 19. b3 bxc4 20. bxc4 Qb6+ 21. Rf2 Qc7 22.
Qb3 cxd5 23. cxd5 Qc5 24. Nd3 Qd4 25. Rc1 hxg4 26. hxg4 Ra5 27. Qc3 Qa4 28. Nc4
Ra6 29. Nb4 Ra7 30. Nb6 Qxa3 31. Qxa3 Rxa3 32. Nxc8 Rb3 33. Na2 Rd8 34. Rfc2
Ra3 35. Nb4 Rb3 36. Na2 Kf8 37. Rc3 Rb2 38. R1c2 Rb1+ 39. Kf2 Ke8 40. Bf1 Rd7
41. Nc1 Bf8 42. Nb3 Rh7 43. Nd2 Rd1 44. Nb6 Be7 45. Rc8+ Kf7 46. R8c7 Ng8 47.
Nc8 Kf6 48. Nc4 Rh4 49. N4xd6 Bd8 50. Rxb7 Ba5 51. Ne8+ Kg6 52. Rc6+ 1-0

[Event "81759 VI. Rakosmente Open"]
[Site "Budapest, Hungary"]
[Date "2013.06.16"]
[Round "6.8"]
[White "Matuska, Miklos"]
[Black "Bege, Vencel"]
[Result "1-0"]
[WhiteElo "2104"]
[BlackElo "1743"]
[PlyCount "92"]
[EventDate "2013.??.??"]

1. Nf3 d5 2. g3 c5 3. Bg2 Nc6 4. d4 Nf6 5. O-O Bg4 6. Ne5 Bf5 7. Nxc6 bxc6 8.
c4 e6 9. Nc3 Qc7 10. cxd5 cxd5 11. Bf4 Qa5 12. dxc5 Bxc5 13. a3 Qa6 14. Qa4+
Qxa4 15. Nxa4 Be7 16. Rac1 Nd7 17. Rc7 Bd8 18. Rb7 Bc2 19. b3 Nb6 20. Nc5 Be7
21. Na6 Bd8 22. Rc1 Bxb3 23. Nc7+ Bxc7 24. Rcxc7 O-O 25. Bd6 Rfd8 26. Bb4 Rdb8
27. Rxf7 Rxb7 28. Rxb7 Ba4 29. Bc3 Nd7 30. Bd4 a6 31. f4 Bb5 32. e4 Rc8 33.
exd5 Rc1+ 34. Kf2 Rc2+ 35. Kf3 exd5 36. Bh3 Nf6 37. Be6+ Kf8 38. Rf7+ Ke8 39.
Rxg7 Ne4 40. Bxd5 Nd2+ 41. Kg4 h5+ 42. Kxh5 Be2+ 43. Kg6 Bd3+ 44. Kf6 Ne4+ 45.
Ke6 Kf8 46. Kd7 Bb5+ 1-0

[Event "81759 VI. Rakosmente Open"]
[Site "Budapest, Hungary"]
[Date "2013.06.16"]
[Round "6.9"]
[White "Szentgyorgyi, Sandor"]
[Black "Bege, Mate"]
[Result "1/2-1/2"]
[WhiteElo "1861"]
[BlackElo "1637"]
[PlyCount "89"]
[EventDate "2013.??.??"]

1. e4 c5 2. Nf3 d6 3. d4 cxd4 4. Qxd4 Nc6 5. Bb5 Bd7 6. Bxc6 Bxc6 7. Nc3 Nf6 8.
Bg5 e5 9. Qd3 Be7 10. Bxf6 Bxf6 11. O-O O-O 12. Rfd1 Be7 13. Nd2 Qc7 14. Nf1
Rad8 15. Ne3 Rfe8 16. Ncd5 Bxd5 17. Nxd5 Qc6 18. c4 Rd7 19. b3 Bg5 20. Qg3 h6
21. h4 Bd8 22. Rd3 Re6 23. Qh3 Rg6 24. Rg3 Rxg3 25. Qxg3 b6 26. Rd1 Rb7 27. a3
b5 28. cxb5 Qxb5 29. b4 Qe2 30. Nc3 Qa6 31. Nd5 Qe2 32. Nc3 Qa6 33. Rd3 Bxh4
34. Qf3 Qxa3 35. Rxd6 Qc1+ 36. Rd1 Qf4 37. Qxf4 exf4 38. Nd5 Be7 39. Rd4 g5 40.
Kf1 Kg7 41. f3 Bf6 42. Rc4 Be5 43. Ke2 h5 44. Rc2 Bd6 45. Rc4 1/2-1/2

[Event "81759 VI. Rakosmente Open"]
[Site "Budapest, Hungary"]
[Date "2013.06.16"]
[Round "6.10"]
[White "Bartuszek, Andras"]
[Black "Kaloczi, Kristof"]
[Result "1-0"]
[WhiteElo "1846"]
[BlackElo "1586"]
[PlyCount "93"]
[EventDate "2013.??.??"]

1. e4 c5 2. Nf3 e6 3. d4 cxd4 4. Nxd4 a6 5. Be2 Qc7 6. f4 d6 7. Nc3 Nf6 8. Be3
Be7 9. Qd2 Nbd7 10. O-O-O b6 11. g4 Bb7 12. Bf3 Nc5 13. Qg2 b5 14. g5 Nfd7 15.
f5 e5 16. Nb3 Nxb3+ 17. axb3 Nc5 18. Bxc5 Qxc5 19. Rd3 Rc8 20. h4 a5 21. Kb1 b4
22. Nd5 Bxd5 23. Rxd5 Qb6 24. Rhd1 Rc5 25. Be2 Qc6 26. Qf1 Qc7 27. Bb5+ Kd8 28.
f6 gxf6 29. gxf6 Bf8 30. Rxc5 Qxc5 31. Rd5 Qb6 32. Qf5 Qc7 33. Qxe5 Kc8 34.
Ba6+ Kd8 35. Qf5 Rg8 36. Rxa5 Rg1+ 37. Ka2 Qxc2 38. Bd3 Qc6 39. Bb5 Qb7 40. Qf2
Rc1 41. Bc4 Rd1 42. Ra7 Qb8 43. Rxf7 Ke8 44. Ra7 Bh6 45. Ra4 Rd2 46. Qf5 Qb7
47. Qe6+ 1-0

[Event "81759 VI. Rakosmente Open"]
[Site "Budapest, Hungary"]
[Date "2013.06.16"]
[Round "6.11"]
[White "Polyanszky-Tamasi, Zoltan"]
[Black "Szurovszky, Elek"]
[Result "0-1"]
[WhiteElo "1822"]
[BlackElo "2118"]
[PlyCount "66"]
[EventDate "2013.??.??"]

1. Nf3 b6 2. c4 Bb7 3. Nc3 g6 4. e3 Bg7 5. d4 d6 6. Rb1 Nd7 7. Bd2 Ngf6 8. Be2
Ne4 9. d5 Nxd2 10. Qxd2 a5 11. e4 O-O 12. h4 h5 13. Ng5 Nc5 14. g4 Bh6 15. f4
f6 16. gxh5 gxh5 17. Bxh5 fxg5 18. hxg5 Bg7 19. Bg6 Rxf4 20. Ke2 Be5 21. Rbf1
Qf8 22. Bh7+ Kg7 23. Bf5 Rxf1 24. Kxf1 Nxe4 25. Nxe4 Qxf5+ 26. Nf2 Rf8 27. g6
Qb1+ 28. Kg2 Qxg6+ 29. Kf1 Kf7 30. Rh6 Qb1+ 31. Kg2 Rg8+ 32. Kf3 Qf5+ 33. Ke2
Bf4 0-1

[Event "81759 VI. Rakosmente Open"]
[Site "Budapest, Hungary"]
[Date "2013.06.16"]
[Round "6.12"]
[White "Karacsonyi, Gellert"]
[Black "Szurkos, Andras"]
[Result "1-0"]
[WhiteElo "1687"]
[BlackElo "1816"]
[PlyCount "199"]
[EventDate "2013.??.??"]

1. e4 e5 2. Nf3 Nc6 3. Bb5 a6 4. Bxc6 dxc6 5. O-O Bg4 6. h3 h5 7. d3 Qf6 8.
Nbd2 Bd7 9. Re1 O-O-O 10. Nc4 Re8 11. Bg5 Qg6 12. Ncxe5 Qe6 13. Bf4 f6 14. Nd4
Qd6 15. Ng6 Qxd4 16. Nxh8 g5 17. Be3 Qe5 18. Ng6 Qe6 19. Nxf8 Rxf8 20. Qxh5 Ne7
21. Qg4 Qf7 22. Qf3 Qg7 23. Rad1 g4 24. Qg3 f5 25. hxg4 Qxb2 26. Bc5 f4 27. Qf3
Qg7 28. d4 Bxg4 29. Qa3 Bxd1 30. Rxd1 Rg8 31. Qf3 Ng6 32. Kf1 Nh4 33. Qh3+ Kb8
34. Qxh4 Qxg2+ 35. Ke2 Qxe4+ 36. Kd2 b6 37. Re1 Qd5 38. Rb1 f3 39. Qe7 Kc8 40.
Bb4 Qxd4+ 41. Kc1 Qf4+ 42. Kb2 Rg4 43. Ka1 Rg5 44. Qf8+ Qxf8 45. Bxf8 Re5 46.
Kb2 Re2 47. Rf1 c5 48. Bh6 Re4 49. Be3 Kb7 50. Rg1 Re6 51. Rg4 Kc6 52. Rf4 a5
53. Rxf3 Kd5 54. Rf5+ Ke4 55. Rf4+ Kd5 56. c4+ Kd6 57. Rf7 Re4 58. Kc3 c6 59.
Kd3 Rg4 60. f4 b5 61. Rf6+ Kd7 62. cxb5 cxb5 63. Bxc5 Rg3+ 64. Ke4 b4 65. f5
Ra3 66. Kd5 Rxa2 67. Rf7+ Ke8 68. Re7+ Kd8 69. Kc6 b3 70. Rf7 Re2 71. Rf8+ Re8
72. Bb6+ Ke7 73. Bc5+ Kd8 74. Rf7 Rh8 75. Ra7 Rh6+ 76. Bd6 Ke8 77. Rxa5 Rh5 78.
Ba3 Kf7 79. Kd6 Rh2 80. Rb5 Kf6 81. Bc1 Re2 82. Ba3 Rd2+ 83. Kc6 Rf2 84. Rxb3
Rxf5 85. Re3 Kg6 86. Bb2 Rf2 87. Bc3 Rf8 88. Kd6 Rd8+ 89. Ke7 Rb8 90. Bd4 Rb7+
91. Ke6 Kg5 92. Rf3 Rb8 93. Rf1 Kg4 94. Kd5 Kg3 95. Be5+ Kg2 96. Rf7 Rd8+ 97.
Ke4 Rd1 98. Rg7+ Kf2 99. Bd4+ Ke2 100. Rg2+ 1-0

[Event "81759 VI. Rakosmente Open"]
[Site "Budapest, Hungary"]
[Date "2013.06.16"]
[Round "6.13"]
[White "Xiao Hu, Chen"]
[Black "Olah, Laszlo Istvan"]
[Result "0-1"]
[WhiteElo "1397"]
[BlackElo "1641"]
[PlyCount "40"]
[EventDate "2013.??.??"]

1. e4 e5 2. Nf3 Nc6 3. Bb5 a6 4. Bxc6 dxc6 5. O-O Bg4 6. h3 h5 7. d3 Qf6 8.
Nbd2 Ne7 9. Re1 Ng6 10. hxg4 hxg4 11. Nh2 Rxh2 12. Kxh2 Qh4+ 13. Kg1 Bc5 14.
Re2 g3 15. Re3 gxf2+ 16. Kf1 Bxe3 17. Ke2 Bc5 18. Nf3 Qg3 19. Qh1 Ke7 20. Qh2
f1=Q+ 0-1

[Event "81759 VI. Rakosmente Open"]
[Site "Budapest, Hungary"]
[Date "2013.06.16"]
[Round "6.15"]
[White "Czimer, Jozsef"]
[Black "Viola, Gellert"]
[Result "1-0"]
[WhiteElo "1669"]
[BlackElo "1296"]
[PlyCount "95"]
[EventDate "2013.??.??"]

1. e4 c5 2. Nf3 d6 3. c4 Nc6 4. d4 cxd4 5. Nxd4 Nf6 6. Nc3 g6 7. Be2 Bg7 8. Be3
O-O 9. O-O Bd7 10. Rc1 a6 11. a3 Rc8 12. f3 Ne5 13. b3 Qc7 14. a4 Qb8 15. Qd2
Rc7 16. Rfd1 Rfc8 17. Kh1 b6 18. Bg5 Nc6 19. Qe3 Nxd4 20. Rxd4 a5 21. Rdd1 Rc5
22. Nd5 Nxd5 23. exd5 e6 24. dxe6 Bxe6 25. Bf4 Be5 26. Bxe5 Rxe5 27. Qd2 Rc6
28. f4 Rf5 29. Bf3 Rc8 30. g4 Rfc5 31. Qxd6 Qa7 32. Rb1 Re8 33. Re1 Rec8 34.
Kg2 R5c7 35. Qd3 Rd7 36. Qe3 Rcd8 37. Rbd1 Rd6 38. Rxd6 Rxd6 39. Rd1 Qc7 40.
Qe5 Rd7 41. Qxc7 Rxc7 42. Rd6 Kf8 43. Rxb6 Rc5 44. Kf2 Ke7 45. Ke3 Kd7 46. Kd4
Rc8 47. Rb5 h6 48. Rxa5 1-0

[Event "81759 VI. Rakosmente Open"]
[Site "Budapest, Hungary"]
[Date "2013.06.16"]
[Round "6.16"]
[White "Novak, Levente Peter"]
[Black "Csermely, Zoltan"]
[Result "0-1"]
[WhiteElo "1417"]
[BlackElo "1662"]
[PlyCount "54"]
[EventDate "2013.??.??"]

1. d4 Nf6 2. c4 e6 3. Nc3 d5 4. cxd5 exd5 5. Nf3 Nc6 6. Bf4 Bd6 7. Bxd6 Qxd6 8.
e3 a6 9. Bd3 Bg4 10. O-O O-O-O 11. Be2 h6 12. a3 g5 13. b4 Ne4 14. Nxe4 dxe4
15. Nd2 Bxe2 16. Qxe2 f5 17. f3 Nxd4 18. Qf2 Ne2+ 19. Qxe2 Qxd2 20. Qxd2 Rxd2
21. fxe4 fxe4 22. a4 Rhd8 23. Rab1 Re2 24. Rf6 Rdd2 25. Rxh6 Rxg2+ 26. Kf1 Rxh2
27. Rg6 Rh1# 0-1

[Event "81759 VI. Rakosmente Open"]
[Site "Budapest, Hungary"]
[Date "2013.06.16"]
[Round "6.21"]
[White "Karacsonyi, Kata"]
[Black "Toth, Nikoletta"]
[Result "0-1"]
[WhiteElo "1309"]
[BlackElo "1126"]
[PlyCount "82"]
[EventDate "2013.??.??"]

1. e4 e5 2. Nf3 Nc6 3. Bc4 Bc5 4. c3 Nf6 5. d3 Ng4 6. O-O d6 7. h3 Nh6 8. Re1
Qf6 9. Bg5 Qg6 10. Nbd2 f6 11. Bh4 Bxh3 12. Bg3 Qxg3 13. Nh4 Bxf2+ 14. Kf1 Qxh4
15. gxh3 Qg3 16. Qf3 Qxf3 17. Nxf3 Bxe1 18. Rxe1 f5 19. Bb5 fxe4 20. Rxe4 Kd7
21. d4 a6 22. Ba4 b5 23. Bb3 exd4 24. cxd4 Rhf8 25. Kg2 Nf5 26. Be6+ Kd8 27.
Kh2 Rf6 28. Bd5 Nfe7 29. Bxc6 Nxc6 30. Ng5 Rf2+ 31. Kg3 Rxb2 32. Ne6+ Kd7 33.
Nxg7 Rd2 34. Rf4 Nxd4 35. Rf7+ Kc6 36. Rf6 Rg8 37. Rf1 Rxg7+ 38. Kh4 Rdg2 39.
Rc1+ Kb6 40. Rd1 Nf5+ 41. Kh5 R7g5# 0-1